000 00957nam a2200313Ia 4500
001 Para_2127
003 CHAP
008 220125s9999 xx 000 0 und d
010 _a200741
020 _a968-460-114-X
040 _cCHAP
082 _aPA 632.9503 D5
245 _aDiccionario de especialidades agroquímicas /
_c por Emilio Rosenstein Ster
250 _a9a. y 16 ed
260 _aMéxico, D.F. :
_b PLM
300 _a1372 p.
500 _aLa biblioteca tiene: 1992, 1993, 1994, 1997, 1998, 1999-2000, 2001, 2002, 2003, 2004, 2005, 2006, 2007
503 _aC/e (ej.2)
505 _aLa edición 16 (2006) incluye sección de semillas y CD
650 _aPesticidas
_x diccionarios
_987543
700 _aRosenstein Ster., Emilio
_9100130
901 _aPA 632.9503 D5
902 _aM
905 _a000000 0000000000 00
910 _a
942 _cPARA
942 _cPARA
_d1
999 _c200741
_d200741